Tilastot visalle Valtiot, joiden nimi alkaa ja päättyy samalla kirjaimella

Klikkaa tästä pelataksesi tätä visaa!

Yleistilastot

  • Tätä visaa on pelattu 211 kertaa
  • Keskiarvotulos 8 / 11

Vastaustilastot

vihjevaltio% Oikein
AAlbania
90%
AAlgeria
89%
AAngola
87%
AArmenia
86%
AAustralia
85%
AAndorra
83%
AArgentiina
79%
IIrlanti
73%
AAntigua ja Barbuda
71%
IIslanti
71%
SSaint Kitts ja Nevis
30%

Tulosjakauma

Persentiili vastausten määrän mukaan

Jokaisen tuloksen saaneiden osuus

Tuloshistoriasi

Et ole pelannut tätä visaa